000 00878cam a2200277 a 4500
001 2582915
003 mut
005 20240606081240.0
008 960923s1996 nyua b 001 0 eng
010 _a 96076441
020 _a0075485729
040 _aDLC
_cmut
_dDLC
050 0 0 _aHG 4026
_b.B68 1986
082 0 0 _a658.15
_221
100 1 _aBrealey, Richard
245 1 0 _aPrinciples of corporate finance /
250 _a1st Canadian ed.
260 _aToronto :
_bMcGraw-Hill Ryerson,
_cc1986.
300 _a1 v. (various pagings) :
_bill. (some col.) ;
_c24 cm.
504 _aIncludes bibliographical references and index.
650 0 _aCorporations
_xFinance.
700 1 _aMyers, Stewart ....etal
906 _a7
_bcbc
_corignew
_d2
_eopcn
_f19
_gy-gencatlg
942 _2lcc
_cBK
999 _c13034
_d13034